000 00670nam a2200241Ia 4500
003 OSt
005 20220924114750.0
006 a|||||r|||| 00| 0
007 ta
008 220923b |||||||| |||| 00| 0 ara d
024 _a337846
037 _cTextual
040 _aARTS
_cARTS
_bara
041 _2ara
_aara
082 _aO28,1DSI,1, K9
100 _aIbrahim Muhammad Abul Fazal Ed.
_9175233
245 0 _aDiwan amra-ul-qais
260 _aCairo
_bDar-al-ma'arif Egypt
_c1969
300 _a541p.
_ccm.
650 _aARABIC POETRY
942 _hO28,1DSI,1, K9
_cTEXL
_2CC
999 _c395174
_d395174